The autobiography of Kwame Nkrumah. (Record no. 99525)
[ view plain ]
| 000 -LEADER | |
|---|---|
| fixed length control field | 00931nam a2200301 a 4500 |
| 001 - CONTROL NUMBER | |
| control field | 1499475 |
| 003 - CONTROL NUMBER IDENTIFIER | |
| control field | ARRUPE |
| 005 - DATE AND TIME OF LATEST TRANSACTION | |
| control field | 20170607121527.0 |
| 008 - FIXED-LENGTH DATA ELEMENTS--GENERAL INFORMATION | |
| fixed length control field | 880711s1973 enkbc 001 0aeng d |
| 010 ## - LIBRARY OF CONGRESS CONTROL NUMBER | |
| LC control number | 88159514 |
| 020 ## - INTERNATIONAL STANDARD BOOK NUMBER | |
| International Standard Book Number | 0901787345 |
| 035 ## - SYSTEM CONTROL NUMBER | |
| System control number | (OCoLC)7953689 |
| 040 ## - CATALOGING SOURCE | |
| Original cataloging agency | InLP |
| Transcribing agency | DLC |
| Modifying agency | DLC |
| 042 ## - AUTHENTICATION CODE | |
| Authentication code | lccopycat |
| 043 ## - GEOGRAPHIC AREA CODE | |
| Geographic area code | f-gh--- |
| 050 00 - LIBRARY OF CONGRESS CALL NUMBER | |
| Classification number | MLCS 91/02206 (D) |
| 082 04 - DEWEY DECIMAL CLASSIFICATION NUMBER | |
| Classification number | 923.2667 |
| 300 ## - PHYSICAL DESCRIPTION | |
| Other physical details | map, port. ; |
| Dimensions | 18 cm. |
| 100 1# - MAIN ENTRY--PERSONAL NAME | |
| Personal name | Nkrumah, Kwame, |
| Dates associated with a name | 1909-1972. |
| 9 (RLIN) | 32231 |
| 245 14 - TITLE STATEMENT | |
| Title | The autobiography of Kwame Nkrumah. |
| 260 ## - PUBLICATION, DISTRIBUTION, ETC. (IMPRINT) | |
| Place of publication, distribution, etc | London : |
| Name of publisher, distributor, etc | Panaf, |
| Date of publication, distribution, etc | 1973. |
| 300 ## - PHYSICAL DESCRIPTION | |
| Extent | x, 246 p. : |
| 500 ## - GENERAL NOTE | |
| General note | Includes index. |
| 600 10 - SUBJECT ADDED ENTRY--PERSONAL NAME | |
| Personal name | Nkrumah, Kwame, |
| Dates associated with a name | 1909-1972. |
| 9 (RLIN) | 32231 |
| 651 #0 - SUBJECT ADDED ENTRY--GEOGRAPHIC NAME | |
| Geographic name | Ghana |
| General subdivision | Politics and government |
| Chronological subdivision | To 1957. |
| 9 (RLIN) | 32208 |
| 906 ## - LOCAL DATA ELEMENT F, LDF (RLIN) | |
| a | 7 |
| b | cbc |
| c | copycat |
| d | 3 |
| e | ncip |
| f | 19 |
| g | y-gencatlg |
| 942 ## - ADDED ENTRY ELEMENTS (KOHA) | |
| Source of classification or shelving scheme | Library of Congress Classification |
| Koha item type | Monograph ( Printed materials) |
| Withdrawn status | Lost status | Source of classification or shelving scheme | Damaged status | Not for loan | Collection code | Home library | Current library | Shelving location | Date acquired | Total Checkouts | Full call number | Barcode | Date last seen | Date checked out | Copy number | Price effective from | Koha item type |
|---|---|---|---|---|---|---|---|---|---|---|---|---|---|---|---|---|---|
| Library of Congress Classification | Main Collection | ARRUPE LIBRARY | ARRUPE LIBRARY | 07/03/2013 | 2 | DT512.3.N57K85 1974 | 46003034288 | 07/12/2017 | 30/10/2017 | 1 | 07/03/2013 | Monograph ( Printed materials) |